01311nam a2200301 a 450000100100000000500170001000800410002704000250006808200180009310000290011124500990014026000430023930000340028249000690031649000400038550400320042559000270045765000220048465000340050665000240054070000290056483000730059383000470066691000410071395201160075495201220087099900170099200001376620250924073801.0091130s1985 dr abd 000 0 spa d aDO-SdBNPbspacBNPHU a551.22bM181t1 aMadé, Nicolás93125313aEl terremoto :betiología y predicción científica /cNicolás Madé, Ramón Morrison. aSanto Domingo :bUniversitaria,c1985. a128 p. :bil; mapa. ;c21 cm.1 aPublicaciones de la Universidad Autónoma de Santo Domingov4491 aCiencia, tecnología y sociedadv2 aBibliografía : p. 127-128 aInventariado, 2020/MFF 4aTerremotos926259 4aPredicción sísmica920991 4aSismología93125412aMorrison, Ramón917447 aPublicaciones de la Universidad Autónoma de Santo Domingov449952 0aCiencia, tecnología y sociedadv2931255 aValidado. Control de calidad MMOLINA 0010718PDaPDbPDcHDd2009-11-30iLF1l0o551.22 M181tp13766-10r2020-06-25w2020-06-25yLFPDZNo se presta 0010718PDaPDbPDcHDd2009-11-30iLF1l0o551.22 M181tp13766-20r2020-06-25te. 2w2020-06-25yLFPDZNo se presta c13379d13379